Cliquez sur les pays du monde sur une carte - Statistiques

Statistiques générales
  • Ce quiz a été pris 113 fois
  • Le résultat moyen est 18 sur 20
Réponses sur la Carte
Les réponses sont colorées sur une échelle allant du rouge au vert en fonction du pourcentage des utilisateurs qui les ont devinées à leur premier essai. Vous pouvez retrouver ces pourcentages ci-dessous.
 
Statistiques - réponses
Réponse % Correct
Japon
98%
Algérie
97%
France
97%
Brésil
96%
Canada
96%
Inde
96%
Ukraine
96%
Pérou
93%
Chili
92%
Pologne
92%
Hongrie
91%
Norvège
90%
Tunisie
90%
Finlande
89%
Ghana
86%
Yémen
86%
Paraguay
85%
Érythrée
83%
Jordanie
83%
Botswana
78%
Aucun quiz correspondant
Distribution des résultats
% des personnes avec chaque résultat
Percentile par nombre de réponses
Votre historique - résultats
Vous n’avez pas pris ce quiz